Guess the 1960s song lyrics #159 - Statistics

General Stats
  • This quiz has been taken 14 times
  • The average score is 185 of 224
Answer Stats
Answer % Correct
a
100%
can
100%
I
100%
it
100%
me
100%
my
100%
The
100%
the
100%
and
93%
are
93%
in
93%
to
93%
want
93%
yeah
93%
you
93%
Your
93%
your
93%
All
86%
But
86%
give
86%
Give
86%
it's
86%
of
86%
Oh
86%
them
86%
what
86%
can't
79%
don't
79%
life
79%
love
79%
That's
79%
that's
79%
things
79%
best
71%
everything
71%
free
71%
get
71%
bills
64%
money
64%
Money
64%
need
64%
pay
64%
such
64%
baby
57%
bees
57%
birds
57%
lot
57%
thrill
57%
true
57%
use
57%
Lots
50%
lots
50%
Barrett Strong
36%
mean
36%
those
36%
Whole
36%
right
21%
Woah
21%
greens
14%
lean
14%
II
7%
No matching quizzes found
Score Distribution
Percent of People with Each Score
Percentile by Number Answered
Your Score History
You have not taken this quiz